| 000 | 00888nas a2200265Ia 4500 | ||
|---|---|---|---|
| 001 | A50/R027-3011 [r000000123] | ||
| 003 | IT-MiCISF | ||
| 008 | 161014c99999999xx |||||||||||| ||und|| | ||
| 040 |
_aIT-MiCISF _cIT-MiCISF |
||
| 041 | _aITALIANO | ||
| 100 | _aSacchetti Lamberto | ||
| 210 | _aIl diritto di famiglia e delle persone | ||
| 222 | _aIl diritto di famiglia e delle persone | ||
| 245 | 0 | _aLe funzioni di vigilanza a protezione dei minori | |
| 250 | _a1a ed. | ||
| 260 | _c1988 | ||
| 501 |
_bCISF - Centro Internazionale Studi Famiglia - Via Giotto, 36 20145 MILANO (non commercial uses only) _cCopyright 2016 |
||
| 300 | _app. 1441-1454 | ||
| 362 | _a3, lug-set. [1988] | ||
| 500 | _a Tema: rapporti-genitori-figli, legislazione, assistenza-sociale, affido | ||
| 650 |
_aetà evolutiva _vstudio |
||
| 700 | _aAA.VV. | ||
| 942 | _cCR | ||
| 957 | _71 | ||
| 999 |
_a3011 _bSi _g1 _c222576 _d222576 |
||